000 00661nam a2200265Ia 4500
003 OSt
005 20221007111609.0
006 a|||||r|||| 00| 0
007 ta
008 221006b |||||||| |||| 00| 0 eng d
024 _a23,896
037 _cTextual
040 _aLCO
_cLCO
_beng
041 _2eng
_aeng
082 _aX62, L0
100 _aBedi H.L.
245 0 _aPractical Banking (Advances)
250 _a2nd
260 _aBombay
_bH.L.Bedi & V.K.Hardikar India
_c1970
300 _a529
650 _aBANKING
700 _a Hardikar V.K.
942 _hX62, L0
_cTEXL
999 _c1193459
_d1193459